000 00402nam a2200169Ia 4500
008 230725s1995 xx 000 0 und d
041 _aeng
082 _a615.1
_bDAS
100 _aDAS P. K.
245 _aHANDBOOK OF PHYSIOLOGY
260 _bCURRENT BOOKS INTERNATIONALS
_c1995
300 _a464
365 _h15%
500 _aTEXT BOOK
501 _aHAP
650 _aHUMAN ANATOMY & PHYSIOLOGY
999 _c768929
_d768929